[Event "Madrid San Viator op 23rd"]
[Site "Madrid"]
[Date "2014.10.05"]
[Round "2"]
[White "Ruiz, Cesar"]
[Black "Santos, Mario"]
[Result "1-0"]
[WhiteElo "1657"]
[BlackElo "1426"]
[PlyCount "95"]
[EventDate "2014.09.28"]
[EventType "swiss"]
[EventRounds "9"]
[EventCountry "ESP"]
[SourceTitle "EXT 2016"]
[Source "ChessBase"]
[SourceDate "2015.10.08"]
[SourceVersion "1"]
[SourceVersionDate "2015.10.08"]
[SourceQuality "1"]

1. d4 d5 2. Bg5 Nf6 3. Bxf6 gxf6 4. e3 Bf5 5. Nd2 e6 6. g3 Nc6 7. a3 Be7 8. Bg2 Qd7 9. c4 Na5 10. cxd5 exd5 11. Ne2 Bg4 12. b4 Bxe2 13. Qxe2 Nc6 14. Nb3 a6 15. 0-0 h5 16. h4 0-0-0 17. Rfc1 Na7 18. Nc5 Bxc5 19. Rxc5 c6 20. Bxd5 Qe7 21. Bf3 Rhe8 22. d5 Rd6 23. Rac1 Kc7 24. dxc6 Nxc6 25. Bxh5 Kb8 26. b5 Nd4 27. exd4 Qxe2 28. Bxe2 Rxe2 29. bxa6 Rxa6 30. R1c3 Rd2 31. Rc8+ Ka7 32. Rd8 Ra4 33. Kg2 Raxd4 34. Rxd4 Rxd4 35. h5 Rg4 36. Kh3 Rg5 37. Kh4 Rg8 38. Rf3 Kb8 39. Rxf6 Rg7 40. h6 Rh7 41. g4 Kc8 42. Kh5 Kd7 43. g5 Kc7 44. f4 Kd7 45. f5 b5 46. g6 Rh8 47. Rxf7+ Kc6 48. g7 1-0